000 00813nam a22002297a 4500
999 _c13725
_d13725
003 AR-CdUCM
008 190416b ||||| |||| 00| 0 spa d
040 _aMUNICIPALIDAD PROVINCIAL DEL CUSCO
_cBIBLIOTECA MUNICIPAL DEL CUSCO
082 _22ed.
_aC / 150 /
_bF64
100 _aFlorez Ugarte, Hugo H.
_932236
245 _aPsicologia /
260 _aCuzco :
_bEl comercio,
_c1962.
300 _a119 paginas ;
_c21 cm.
505 _aContenido : Definición y Objeto de la Psicología -- Métodos de la psicología -- La conciencia -- La actividad extraconsciente -- La atención...
650 _aPsicología
_91538
650 _aConciencia
_911784
650 _aCuzco
_97693
650 _aSentimeinto
_932237
650 _aFenómenos psíquicos.
_932238
942 _2ddc
_cLIBROS
945 _awnts
_d2019-04-16